[Event "Challenge"]
[Site "http://www.queenalice.com/game.php?id=1115631"]
[Date "2012.10.24"]
[Round "-"]
[White "Turtoise04"]
[Black "gfreire89"]
[Result "1-0"]
[WhiteElo "1300"]
[BlackElo "1513"]

1. e4 e5 2. Nf3 Nc6 3. Nc3 Nf6 4. a3 a5 5. d4 d6 6. Bb5 Bd7 7. O-O exd4 8. Nxd4
Nxd4 9. Bxd7+ Qxd7 10. Qxd4 c5 11. Qd3 g5 12. Bxg5 Ng4 13. Nd5 Ra6 14. h3 Ne5
15. Nf6+ 1-0

[Event "Challenge"]
[Site "http://www.queenalice.com/game.php?id=1116055"]
[Date "2012.10.25"]
[Round "-"]
[White "gfreire89"]
[Black "teferi"]
[Result "1-0"]
[WhiteElo "1529"]
[BlackElo "1596"]

1. e4 e5 2. c3 f5 3. d3 d5 4. exd5 Qxd5 5. c4 Bb4+ 6. Bd2 Bxd2+ 7. Qxd2 Qd4 8.
Ne2 Qb6 9. Qc3 Nc6 10. f4 Nd4 11. fxe5 Nxe2 12. Bxe2 Nh6 13. c5 Qc6 14. O-O b6
15. b4 Bb7 16. Bf3 Qb5 17. Bxb7 Rd8 18. Rf3 Ng4 19. d4 Qa4 20. Nd2 O-O 21. Qb3+
Qxb3 22. Nxb3 bxc5 23. Nxc5 Rfe8 24. Rxf5 Rxd4 25. e6 Ne3 26. Re5 Nc2 27. Rc1
Rf8 28. e7 1-0

[Event "Challenge"]
[Site "http://www.queenalice.com/game.php?id=1116056"]
[Date "2012.10.25"]
[Round "-"]
[White "teferi"]
[Black "gfreire89"]
[Result "1-0"]
[WhiteElo "1657"]
[BlackElo "1540"]

1. e4 e5 2. Nf3 f6 3. d4 exd4 4. Qxd4 c5 5. Qa4 Qe7 6. g3 f5 7. Bg5 Qe6 8. Bh3
g6 9. O-O Nf6 10. Re1 h6 11. exf5 hxg5 12. fxe6 g4 13. exd7+ Kd8 14. Re8+ 1-0

[Event "Challenge"]
[Site "http://www.queenalice.com/game.php?id=1116313"]
[Date "2012.10.26"]
[Round "-"]
[White "gfreire89"]
[Black "fougalios"]
[Result "0-1"]
[WhiteElo "1585"]
[BlackElo "1498"]

1. e4 d5 2. exd5 Qxd5 3. c4 Qa5 4. Nc3 c6 5. a3 Bf5 6. g4 Bg6 7. Nf3 e6 8. b4
Qc7 9. d4 Nf6 10. h3 Be7 11. g5 Nh5 12. Ne5 Nd7 13. f4 Nxe5 14. dxe5 Ng3 15. Rh2
Nxf1 16. Kxf1 Rd8 17. Qf3 Rd3 18. Qf2 Rxc3 19. Qxa7 O-O 20. Qd4 Rd3 21. Qb2 Rd1+
22. Ke2 Rfd8 23. Be3 Bh5+ 24. Kf2 Qd7 25. Rxd1 Bxd1 26. Kg3 Qd3 27. Qd2 Qxd2 28.
Bxd2 Rd3+ 29. Kh4 h6 30. a4 hxg5+ 31. fxg5 Rd4+ 32. Kg3 Rxc4 33. a5 Bxb4 34.
Bxb4 Rxb4 0-1

[Event "Challenge"]
[Site "http://www.queenalice.com/game.php?id=1116417"]
[Date "2012.10.26"]
[Round "-"]
[White "Vitocknick"]
[Black "gfreire89"]
[Result "1-0"]
[WhiteElo "1479"]
[BlackElo "1598"]

1. e4 e5 2. Nf3 f6 3. d4 c6 4. dxe5 d5 5. exf6 Nxf6 6. Bg5 h6 7. Bxf6 Qxf6 8.
exd5 cxd5 9. Bb5+ Nd7 10. O-O Qxb2 11. Re1+ Be7 12. Qd4 Qxb5 13. Nc3 Qb2 14.
Nxd5 Qxc2 15. Qxg7 Rh7 16. Rxe7+ 1-0

[Event "Challenge"]
[Site "http://www.queenalice.com/game.php?id=1116419"]
[Date "2012.10.26"]
[Round "-"]
[White "gfreire89"]
[Black "Vitocknick"]
[Result "0-1"]
[WhiteElo "1621"]
[BlackElo "1456"]

1. e4 Nf6 2. Nc3 e5 3. g3 g6 4. Nf3 Nc6 5. Bc4 Bc5 6. Ng5 O-O 7. Qf3 Nd4 8.
Bxf7+ Rxf7 9. Qe3 Ng4 10. Qe2 Nxe2 11. Kxe2 Rxf2+ 12. Kd1 Qxg5 13. h4 Qf6 14.
Ke1 Qf3 15. Nb5 Qe2# 0-1

[Event "VARAO III"]
[Site "http://www.queenalice.com/game.php?id=1116464"]
[Date "2012.10.27"]
[Round "-"]
[White "perucona"]
[Black "gfreire89"]
[Result "0-1"]
[WhiteElo "1428"]
[BlackElo "1550"]

1. e4 e5 2. d4 exd4 3. Qxd4 c5 4. Qe5+ Ne7 5. Bb5 a6 6. Be2 Nc6 7. Qc3 Ng6 8.
Nf3 Qe7 9. Qd3 Nf4 10. Qe3 Nxg2+ 11. Kf1 Nxe3+ 12. fxe3 Qxe4 13. Nc3 Qf5 14. Kf2
Ne5 15. Ke1 Nxf3+ 16. Bxf3 Qxf3 17. Rf1 Qg2 18. Rf2 Qh3 19. e4 c4 20. b3 Qxc3+
21. Bd2 Qxa1+ 22. Ke2 Qxa2 23. bxc4 Qxc4+ 24. Kd1 Qxe4 25. Re2 d5 26. Rxe4+ dxe4
27. Ke2 Bf5 28. Ke3 O-O-O 29. Ke2 Bc5 30. Be3 Bxe3 31. Kxe3 Rd1 32. Ke2 Rhd8 33.
c3 R8d3 34. h3 Ra1 35. c4 Ra2+ 36. Ke1 Rb3 37. c5 Rb1# 0-1

[Event "JAVA II"]
[Site "http://www.queenalice.com/game.php?id=1116557"]
[Date "2012.10.27"]
[Round "-"]
[White "perucona"]
[Black "gfreire89"]
[Result "0-1"]
[WhiteElo "1444"]
[BlackElo "1594"]

1. e4 e5 2. d4 exd4 3. Qxd4 c5 4. Qe5+ Be7 5. Nf3 Nc6 6. Qc3 Nf6 7. Bb5 Nxe4 8.
Qd2 Nxd2 9. Bxd2 Bf6 10. Bxc6 Bxb2 11. Bc3 Bxa1 12. Na3 Bxc3+ 13. Kd1 dxc6+ 14.
Kc1 b5 15. Nb1 Bd4 16. Re1+ Be6 17. a3 Bxf2 18. Rf1 Be3+ 19. Kb2 b4 20. axb4
cxb4 21. c3 b3 22. Re1 Qd3 23. Ne5 Qc2+ 24. Ka3 Bc5+ 25. Ka4 Qa2+ 26. Na3 Qxa3#
0-1

[Event "MAFRA V"]
[Site "http://www.queenalice.com/game.php?id=1117194"]
[Date "2012.10.30"]
[Round "-"]
[White "rogeriooliveira"]
[Black "gfreire89"]
[Result "0-1"]
[WhiteElo "1416"]
[BlackElo "1585"]

1. e4 e5 2. d4 exd4 3. Qxd4 c5 4. Qe5+ Be7 5. Be3 d6 6. Qg3 Nf6 7. e5 Nh5 8. Qf3
g6 9. Bc4 Be6 10. Bxe6 fxe6 11. Ne2 dxe5 12. O-O Qb6 13. b3 Bf6 14. Nbc3 O-O 15.
Rad1 Nf4 16. Bxf4 exf4 17. Nxf4 Bxc3 18. Rd3 Bd4 19. Ne2 Rxf3 20. gxf3 Nc6 21.
f4 Nb4 22. Rdd1 Nxa2 23. Ng3 Nc3 24. Rde1 Re8 25. Ne4 Nxe4 26. Rxe4 Qd6 27. Re2
Qxf4 28. h3 Be5 29. f3 Qg3+ 30. Rg2 Qxh3 31. Rh2 Qxh2# 0-1

[Event "MAFRA VI"]
[Site "http://www.queenalice.com/game.php?id=1117195"]
[Date "2012.10.30"]
[Round "-"]
[White "rogeriooliveira"]
[Black "gfreire89"]
[Result "0-1"]
[WhiteElo "1312"]
[BlackElo "1586"]

1. e4 e5 2. d4 exd4 3. Qxd4 c5 4. Qe5+ Be7 5. Be3 d6 6. Qf4 Nf6 7. Nc3 Nh5 8.
Qf3 g6 9. O-O-O Nc6 10. Bb5 a6 11. Bxc6+ bxc6 12. Nh3 Be6 13. Rde1 d5 14. exd5
cxd5 15. Nd1 d4 16. Bd2 Bxa2 17. Qe2 f5 18. c3 O-O 19. Qxe7 Rf7 20. Qxc5 Rc8 21.
Qa3 Bc4 22. b3 Bd5 23. c4 Bxg2 24. Rhg1 Bxh3 25. Qxa6 Ng7 26. Rg3 Bg4 27. Reg1
Rb8 28. Qa4 Qh4 29. c5 Ne6 30. Nb2 Nxc5 31. Qc4 Nxb3+ 32. Kc2 Nxd2 33. Kxd2
Rxb2+ 34. Kd3 Be2# 0-1

[Event "MAFRA VII"]
[Site "http://www.queenalice.com/game.php?id=1117196"]
[Date "2012.10.30"]
[Round "-"]
[White "rogeriooliveira"]
[Black "gfreire89"]
[Result "0-1"]
[WhiteElo "1415"]
[BlackElo "1575"]

1. e4 e5 2. d4 exd4 3. Qxd4 c5 4. Qe5+ Be7 5. Be3 d6 6. Qf4 g5 7. Qf3 Bf6 8. Nc3
Qa5 9. O-O-O Bxc3 10. bxc3 Qxa2 11. Kd2 g4 12. Qg3 Nf6 13. Bb5+ Bd7 14. Bxd7+
Nbxd7 15. Re1 Nxe4+ 16. Kd3 Nxg3 17. fxg3 Ne5+ 18. Ke4 Qxc2+ 19. Kf4 Qxg2 20.
Ne2 Nd3+ 21. Kxg4 Qe4+ 22. Bf4 Nf2+ 23. Kh4 Qf5 24. Rhf1 Qg4# 0-1

[Event "PULSAR VII"]
[Site "http://www.queenalice.com/game.php?id=1117206"]
[Date "2012.10.30"]
[Round "-"]
[White "perucona"]
[Black "gfreire89"]
[Result "0-1"]
[WhiteElo "1441"]
[BlackElo "1564"]

1. e4 e5 2. d4 exd4 3. Qxd4 c5 4. Qe5+ Be7 5. Nf3 Nc6 6. Qc3 Nf6 7. Bb5 Nxe4 8.
Bxc6 Nxc3 9. bxc3 dxc6 10. O-O O-O 11. Bg5 Bxg5 12. Na3 Bd2 13. Rad1 Qd5 14.
Nxd2 Qxa2 15. Nac4 Qxc2 16. Ne4 Qxe4 17. Nd2 Qc2 18. Rfe1 Qxc3 19. Nb1 Qf6 20.
f3 Rd8 21. Rc1 Bf5 22. Na3 Rd2 23. Red1 Qd4+ 24. Kf1 Qf2# 0-1

[Event "PULSAR VIII"]
[Site "http://www.queenalice.com/game.php?id=1117207"]
[Date "2012.10.30"]
[Round "-"]
[White "perucona"]
[Black "gfreire89"]
[Result "0-1"]
[WhiteElo "1434"]
[BlackElo "1604"]

1. e4 e5 2. d4 exd4 3. Qxd4 c5 4. Qe5+ Be7 5. Nc3 Nc6 6. Qf4 g5 7. Qf5 h5 8. Bc4
Nh6 9. Qd5 Nb4 10. Qd2 f5 11. exf5 Nxf5 12. Nf3 d5 13. Be2 d4 14. Nb5 a6 15.
Nbxd4 cxd4 16. O-O g4 17. Ne5 Qd6 18. Nd3 a5 19. c3 dxc3 20. bxc3 Nxd3 21. Bxd3
Qd5 22. Bxf5 Qxf5 23. Bb2 b5 24. Rad1 Bb7 25. Rfe1 h4 26. h3 gxh3 27. gxh3 Qxh3
28. Qe2 Qg2# 0-1

[Event "Challenge"]
[Site "http://www.queenalice.com/game.php?id=1117678"]
[Date "2012.10.31"]
[Round "-"]
[White "gfreire89"]
[Black "lusobrpe"]
[Result "1-0"]
[WhiteElo "1513"]
[BlackElo "1505"]

1. e4 e5 2. Qh5 Nc6 3. Bc4 g6 4. Qf3 Nh6 5. g4 Bc5 6. h4 d6 7. g5 Nd4 8. Qd3 Ng4
9. c3 Ne6 10. Nh3 Nf4 11. Qf3 h5 12. Nxf4 exf4 13. Qxf4 Nxf2 14. Qxf7# 1-0

[Event "Challenge"]
[Site "http://www.queenalice.com/game.php?id=1123691"]
[Date "2012.11.18"]
[Round "-"]
[White "Admilton"]
[Black "gfreire89"]
[Result "0-1"]
[WhiteElo "1547"]
[BlackElo "1577"]

1. Nf3 d5 2. h3 Nc6 3. d4 f6 4. e3 e5 5. Bb5 e4 6. Nh2 a6 7. Bxc6+ bxc6 8. a3 c5
9. c3 cxd4 10. cxd4 c5 11. b3 Qb6 12. Nc3 Qc6 13. Ne2 a5 14. Bb2 a4 15. Bc3 Qb5
16. bxa4 Rxa4 17. Rb1 Qc6 18. Qb3 c4 19. Qb8 Rxa3 20. O-O Bd6 21. Qb2 Nh6 22.
Ra1 Qa4 23. Qb6 Bb4 24. Rxa3 Bxa3 25. Nf4 Qd7 26. Ra1 Be7 27. Ra8 O-O 28. Qa5
Bd8 29. Qxd5+ Qxd5 30. Nxd5 Bb7 31. Bb4 Bxa8 32. Bxf8 Bxd5 33. Bb4 g5 34. Ng4
Nxg4 35. hxg4 Kf7 36. g3 Be7 37. Kf1 Bxb4 38. f4 c3 0-1

[Event "Challenge"]
[Site "http://www.queenalice.com/game.php?id=1124932"]
[Date "2012.11.22"]
[Round "-"]
[White "fabricioprado"]
[Black "gfreire89"]
[Result "1-0"]
[WhiteElo "1646"]
[BlackElo "1580"]

1. e4 e5 2. Nf3 Nc6 3. Bb5 f6 4. O-O a6 5. Ba4 b5 6. Bb3 Bb7 7. d4 Nb4 8. Re1
Ne7 9. c3 Nbc6 10. d5 Na5 11. Bc2 d6 12. Nbd2 c6 13. b4 Nc4 14. Nxc4 bxc4 15.
dxc6 Bxc6 16. Be3 d5 17. exd5 Nxd5 18. Bd2 Bd6 19. a4 O-O 20. Re4 Nb6 21. Rh4 g5
22. Rg4 Qd7 23. h3 h6 24. Nh2 f5 25. Rg3 f4 26. Rg4 Qg7 27. h4 Bd7 28. hxg5 Bxg4
29. Qxg4 Qxg5 30. Qe6+ Rf7 31. Bh7+ Kg7 32. Qxd6 Nc8 33. Qc6 Rfa7 34. Nf3 Qh5
35. Be4 Qf7 36. Nxe5 Qf8 37. Qxc4 Nd6 38. Qd4 Nxe4 39. Nd7+ 1-0

[Event "Challenge"]
[Site "http://www.queenalice.com/game.php?id=1127428"]
[Date "2012.12.1"]
[Round "-"]
[White "Shizumaru_Hisame"]
[Black "gfreire89"]
[Result "1-0"]
[WhiteElo "1693"]
[BlackElo "1592"]

1. d4 d5 2. Bf4 f6 3. e3 Nc6 4. c4 e5 5. dxe5 fxe5 6. Bg3 Bb4+ 7. Nd2 d4 8. Nf3
Qd6 9. Qb3 a5 10. Bh4 a4 11. Qc2 a3 12. b3 Nh6 13. Bd3 Ng4 14. O-O dxe3 15. Ne4
Qh6 16. Bg5 Qh5 17. fxe3 Nxe3 18. Bxe3 O-O 19. Rf2 Bg4 20. Ng3 Qe8 21. Bxh7+ Kh8
22. Raf1 Qe7 23. Ng5 Rxf2 24. Rxf2 Rd8 25. Qc1 Nd4 26. Bb1 Rf8 27. Rxf8+ Qxf8
28. Bxd4 exd4 29. Qc2 Qg8 30. Qe4 Bc8 31. Qh4+ 1-0

[Event "Challenge"]
[Site "http://www.queenalice.com/game.php?id=1129075"]
[Date "2012.12.7"]
[Round "-"]
[White "Admilton"]
[Black "gfreire89"]
[Result "1-0"]
[WhiteElo "1532"]
[BlackElo "1567"]

1. Nf3 Nc6 2. d4 d5 3. h3 f6 4. e3 e5 5. dxe5 fxe5 6. Bb5 e4 7. Nd4 Qd6 8. c3 a6
9. Bxc6+ bxc6 10. Nd2 c5 11. Ne2 Ne7 12. Qa4+ Bd7 13. Qc2 Nf5 14. Qd1 d4 15.
cxd4 cxd4 16. Nxe4 Qd5 17. N4g3 d3 18. Nc3 Nxg3 19. Nxd5 1-0

[Event "Challenge"]
[Site "http://www.queenalice.com/game.php?id=1144867"]
[Date "2013.1.24"]
[Round "-"]
[White "renet54"]
[Black "gfreire89"]
[Result "1-0"]
[WhiteElo "1671"]
[BlackElo "1570"]

1. d4 d5 2. Nf3 f5 3. e3 e6 4. Bd3 g5 5. Ne5 Nh6 6. Qh5+ Ke7 7. b3 Qd6 8. Ba3 c5
9. Bxc5 Qxc5 10. dxc5 Nc6 11. Qxg5+ Ke8 12. Bb5 Rg8 13. Qh4 a6 14. Ba4 Bd7 15.
Bxc6 bxc6 16. O-O Ng4 17. Nxd7 Kxd7 18. Qxh7+ Rg7 19. Qh3 Bxc5 20. Nc3 d4 21.
Rad1 1-0

[Event "Challenge"]
[Site "http://www.queenalice.com/game.php?id=1144868"]
[Date "2013.1.24"]
[Round "-"]
[White "gfreire89"]
[Black "renet54"]
[Result "0-1"]
[WhiteElo "1558"]
[BlackElo "1683"]

1. e4 c5 2. c3 g6 3. d4 cxd4 4. cxd4 Bg7 5. b4 e6 6. Bb2 Nc6 7. Nf3 Nxb4 8. Na3
a5 9. Nc4 Qc7 10. a3 Nc6 11. Rc1 Nf6 12. d5 exd5 13. exd5 O-O 14. dxc6 bxc6 15.
Be5 Re8 16. Be2 Qa7 17. Nd6 Ng4 18. Nxe8 Qxf2+ 19. Kd2 Qe3+ 20. Kc2 Nxe5 21. Nc7
Rb8 22. Ba6 Qb3+ 23. Kd2 Nxf3+ 0-1